Catalog

Record Details

Catalog Search



The survivalist / Quiver Distribution presents ; a ... Read More

Available copies

  • 2 of 2 copies available at LARL/NWRL Consortium.
  • 1 of 1 copy available at Lake Agassiz Regional Library. (Show preferred library)

Current holds

0 current holds with 2 total copies.

Show Only Available Copies
Location Call Number / Copy Notes Barcode Shelving Location Status Due Date
Detroit Lakes Public Library DVD SUR (Text) 33500013527122 Main Available -
Hallock Public Library DVD SUR (Text) 35500006357808 Main Available -

Record details

  • Physical Description: 1 videodisc (91 min.) : sound, color ; 4 3/4 in.
  • Publisher: [Los Angeles, CA] : Quiver Distribution, [2021]

Content descriptions

General Note:
Originally produced as a motion picture in 2021.
Widescreen.
Special feature: director's commentary.
Creation/Production Credits Note:
Director of photography, Austin Schmidt ; editor, ... Read More
Participant or Performer Note:
Jonathan Rhys Meyers, Ruby Modine, Jenna Leigh ... Read More
Summary, etc.:
After a viral pandemic decimates the world, a ... Read More
Target Audience Note:
MPAA rating: R; for violence and language.
System Details Note:
DVD; widescreen; Dolby digital 5.1.
Language Note:
In English with optional English subtitles for the ... Read More
Subject: Virus diseases > Drama.
Epidemics > Drama.
Religious fanaticism > Drama.
Survival > Drama.
Genre: Action and adventure films.
Thrillers (Motion pictures)
Dystopian films.
Feature films.
Fiction films.
LDR 03452cgm a2200793Ii 4500
001380395
003LARL_NWRL_CONSORTIUM
00520211129153607.0
007vd cvaizq
008210823s2021 cau091 e vleng d
019 . ‡a1273927234
0241 . ‡a628250557428
02842. ‡aQD-7428 ‡bQuiver Distribution
035 . ‡a(OCoLC)1264682157 ‡z(OCoLC)1273927234
037 . ‡bMidwest Tape ‡nhttp://www.midwesttapes.com
040 . ‡aTEFMT ‡beng ‡erda ‡cTEFMT ‡dTEF ‡dOCLCO ‡dJDP ‡dOCLCF ‡dRNL ‡dINO ‡dGZD
0410 . ‡aeng ‡peng ‡heng
046 . ‡k2021 ‡2edtf
08204. ‡a791.43/72 ‡223
24504. ‡aThe survivalist / ‡cQuiver Distribution presents ; a Yale Productions, Highland Myst Entertainment production ; in association with Red Sea Media ; produced by Jordan Yale Levine, Jordan Beckerman, Jon Keeyes ; written by Matthew Rogers ; directed by Jon Keeyes.
257 . ‡aUnited States ‡2naf
264 1. ‡a[Los Angeles, CA] : ‡bQuiver Distribution, ‡c[2021]
300 . ‡a1 videodisc (91 min.) : ‡bsound, color ; ‡c4 3/4 in.
336 . ‡atwo-dimensional moving image ‡btdi ‡2rdacontent
337 . ‡avideo ‡bv ‡2rdamedia
338 . ‡avideodisc ‡bvd ‡2rdacarrier
344 . ‡adigital ‡2rdatr
344 . ‡boptical ‡2rdarm
344 . ‡gsurround ‡2rdacpc
344 . ‡hDolby digital 5.1
347 . ‡avideo file ‡2rdaft
347 . ‡bDVD video
380 . ‡aMotion pictures ‡2lcgft
538 . ‡aDVD; widescreen; Dolby digital 5.1.
546 . ‡aIn English with optional English subtitles for the deaf and hard of hearing (SDH).
5111 . ‡aJonathan Rhys Meyers, Ruby Modine, Jenna Leigh Green, John Malkovich, Julian Sands, Lori Petty.
508 . ‡aDirector of photography, Austin Schmidt ; editor, Alan Canant ; music, Benjamin Weinman.
500 . ‡aOriginally produced as a motion picture in 2021.
500 . ‡aWidescreen.
5218 . ‡aMPAA rating: R; for violence and language.
520 . ‡aAfter a viral pandemic decimates the world, a survivalist is forced to take on a group of heavily armed religious fanatics who believe that he is harboring a woman who could be the key to ending the virus and repopulating the world.
500 . ‡aSpecial feature: director's commentary.
650 0. ‡aVirus diseases ‡vDrama.
650 0. ‡aEpidemics ‡vDrama.
650 0. ‡aReligious fanaticism ‡vDrama.
650 0. ‡aSurvival ‡vDrama.
655 7. ‡aAction and adventure films. ‡2lcgft ‡0(LARL_NWRL_CONSORTIUM)175617
655 7. ‡aThrillers (Motion pictures) ‡2lcgft ‡0(LARL_NWRL_CONSORTIUM)175789
655 7. ‡aDystopian films. ‡2lcgft ‡0(LARL_NWRL_CONSORTIUM)175750
655 7. ‡aFeature films. ‡2lcgft ‡0(LARL_NWRL_CONSORTIUM)175625
655 7. ‡aFiction films. ‡2lcgft ‡0(LARL_NWRL_CONSORTIUM)175626
7001 . ‡aKeeyes, Jon, ‡efilm director, ‡efilm producer.
7001 . ‡aRogers, Matthew, ‡c(Screenwriter), ‡escreenwriter.
7001 . ‡aLevine, Jordan Yale, ‡d1985- ‡efilm producer.
7001 . ‡aBeckerman, Jordan, ‡efilm producer.
7001 . ‡aRhys-Meyers, Jonathan, ‡d1977- ‡eactor. ‡0(LARL_NWRL_CONSORTIUM)145697
7001 . ‡aModine, Ruby, ‡d1990- ‡eactor.
7001 . ‡aGreen, Jenna Leigh, ‡eactor.
7001 . ‡aMalkovich, John, ‡eactor. ‡0(LARL_NWRL_CONSORTIUM)95429
7001 . ‡aSands, Julian, ‡eactor. ‡0(LARL_NWRL_CONSORTIUM)144433
7001 . ‡aPetty, Lori, ‡eactor. ‡0(LARL_NWRL_CONSORTIUM)147358
7102 . ‡aQuiver Distribution (Firm), ‡epresenter, ‡epublisher.
7102 . ‡aYale Productions, ‡eproduction company.
7102 . ‡aHighland Myst Entertainment, ‡eproduction company.
7102 . ‡aRed Sea Media, ‡eproduction company.
7300 . ‡aSurvivalist (Motion picture : 2021)
901 . ‡a380395 ‡b ‡c380395 ‡tbiblio

Additional Resources